5HLuxD.jpg

KING HENRY VIII SENIOR AND PRIMARY SCHOOL LIBRARY OPAC

Mockingjay / (Record no. 83)

000 -LEADER
fixed length control field 02076cam a2200337 a 4500
001 - CONTROL NUMBER
control field 005459031
003 - CONTROL NUMBER IDENTIFIER
control field OSt
005 - DATE AND TIME OF LATEST TRANSACTION
control field 20190725094412.0
008 - FIXED-LENGTH DATA ELEMENTS--GENERAL INFORMATION
fixed length control field 140820r20142010nyua d 000 f eng d
020 ## - INTERNATIONAL STANDARD BOOK NUMBER
International Standard Book Number 9780545663267 (pbk.) :
020 ## - INTERNATIONAL STANDARD BOOK NUMBER
International Standard Book Number 9780439023542 (pbk.) :
040 ## - CATALOGING SOURCE
Original cataloging agency NCNU
Language of cataloging eng
Transcribing agency NCNU
Modifying agency NCNU
Description conventions AACR2
042 ## - AUTHENTICATION CODE
Authentication code nbic
082 ## - DEWEY DECIMAL CLASSIFICATION NUMBER
Classification number FIC COL
100 1# - MAIN ENTRY--PERSONAL NAME
Personal name Collins, Suzanne.
Relator term author
245 10 - TITLE STATEMENT
Title Mockingjay /
Statement of responsibility, etc. Suzanne Collins.
246 3# - VARYING FORM OF TITLE
Title proper/short title Mocking jay.
250 ## - EDITION STATEMENT
Edition statement First edition.
260 ## - PUBLICATION, DISTRIBUTION, ETC.
Place of publication, distribution, etc. New York :
Name of publisher, distributor, etc. Scholastic Inc.,
Date of publication, distribution, etc. 2014, c2010.
300 ## - PHYSICAL DESCRIPTION
Extent 390 p. :
Other physical details ill. ;
Dimensions 22 cm.
490 ## - SERIES STATEMENT
Series statement The hunger games trilogy
Volume/sequential designation 3
500 ## - GENERAL NOTE
General note Originally published in hardcover in 2010 -- T.p. verso.
505 0# - FORMATTED CONTENTS NOTE
Formatted contents note Part 1 : The ashes -- Part 2 : The assault -- Part 3 : The assassin.
520 ## - SUMMARY, ETC.
Summary, etc. Katniss Everdeen has survived, even though her home has been destroyed. There are rebels. There are new leaders. A revolution is unfolding. Katniss Everdeen's having survived the Hunger games twice makes her a target of the Capitol and President Snow, as well as a hero to the rebels. It is by design that Katniss was rescued from the arena in the cruel and haunting Quarter Quell, and it is by design that she has long been part of the revolution without knowing it. District 13 really does exist, and now it has come out of the shadows and is plotting to overthrow the Capitol. Everyone, it seems, has had a hand in the carefully laid plans, except Katniss. The success of the rebellion hinges on Katniss's willlingness to be a pawn, to accept responsibility for countless lives, and to change the course of the future of Panem. To do this she must put aside her personal feelings of anger and distrust. She must become the rebels' Mockingjay, no matter what he personal cost. -- From back cover.
650 #0 - SUBJECT ADDED ENTRY--TOPICAL TERM
Topical term or geographic name entry element Insurgency
Form subdivision Juvenile fiction.
650 #0 - SUBJECT ADDED ENTRY--TOPICAL TERM
Topical term or geographic name entry element Survival
Form subdivision Juvenile fiction.
650 #0 - SUBJECT ADDED ENTRY--TOPICAL TERM
Topical term or geographic name entry element Television programs
Form subdivision Juvenile fiction.
650 #0 - SUBJECT ADDED ENTRY--TOPICAL TERM
Topical term or geographic name entry element Interpersonal relations
Form subdivision Juvenile fiction.
650 #0 - SUBJECT ADDED ENTRY--TOPICAL TERM
Topical term or geographic name entry element Contests
Form subdivision Juvenile fiction.
942 ## - ADDED ENTRY ELEMENTS (KOHA)
Source of classification or shelving scheme
Koha item type Books - Fiction
Holdings
Withdrawn status Lost status Source of classification or shelving scheme Damaged status Not for loan Collection code Permanent Location Current Location Shelving location Date acquired Total Checkouts Full call number Barcode Date last seen Date last checked out Price effective from Koha item type
          Fiction KH8 Senior School Library KH8 Senior School Library Fiction 2019-07-25 1 FIC COL 3KHSL000101130 2024-09-12 2024-09-05 2019-07-25 Books - Fiction

Powered By KH8 IT Dept